LEADER 00783nam0-22003011i-450 001 990007726760403321 005 20180528124926.0 035 $a000772676 035 $aFED01000772676 035 $a(Aleph)000772676FED01 035 $a000772676 100 $a20021010d1990----km-y0itay50------ba 101 0 $aita 200 1 $a<>contratti$eParte generale$fAntonino Cataudella 210 $aTorino$cGiappichelli$dcopyr. 1990 215 $a158 p.$d24 cm 676 $a346.02 700 1$aCataudella,$bAntonino$0132961 801 0$aIT$bUNINA$gRICA$2UNIMARC 901 $aBK 912 $a990007726760403321 952 $a16-AA-42$b2917$fDDCP 952 $aDPR 13C- 249$fDEC 959 $aDDCP 959 $aDEC 996 $aContratti$9146288 997 $aUNINA DB $aGEN01